Southville International School and Colleges
Your cart is empty.
  • Cart
  • Lists
    Public lists Eva Luna New books Lux_list list_1
    Your lists Log in to create your own lists
  • Log in to your account
  • Your cookies
  • Search history
Southville International School and Colleges
  • Advanced search
  • Recent comments
  • Most popular
  • Libraries

Log in to your account

Log in with GOOGLE


If you do not have an external account, but do have a local account, you can still log in:

  1. Home
  2. MARC view: Catching on writing 5 /
Normal view MARC view ISBD view

Catching on writing 5 / (Record no. 3389)

[ view plain ]
MARC details
000 -LEADER
fixed length control field 00563nam a22001817a 4500
003 - CONTROL NUMBER IDENTIFIER
control field OSt
005 - DATE AND TIME OF LATEST TRANSACTION
control field 20140310181755.0
008 - FIXED-LENGTH DATA ELEMENTS--GENERAL INFORMATION
fixed length control field 130629t xxu||||| |||| 00| 0 eng d
050 ## - LIBRARY OF CONGRESS CALL NUMBER
Classification number LB 1580
Item number .V718 1992
082 ## - DEWEY DECIMAL CLASSIFICATION NUMBER
Classification number FIL 808.042
Item number V71 1985
100 ## - MAIN ENTRY--PERSONAL NAME
Personal name Villanueva, Ma. Loreto Suba
9 (RLIN) 7181
245 ## - TITLE STATEMENT
Title Catching on writing 5 /
Statement of responsibility, etc Ma. Loreto Suba-Villanueva.
260 ## - PUBLICATION, DISTRIBUTION, ETC. (IMPRINT)
Place of publication, distribution, etc San Mateo, Rizal :
Name of publisher, distributor, etc Vicente Publishing House,
Date of publication, distribution, etc 1992.
300 1# - PHYSICAL DESCRIPTION
Extent 120 p. ;
Dimensions 280 cm.
650 ## - SUBJECT ADDED ENTRY--TOPICAL TERM
Topical term or geographic name as entry element Writng--Study and teaching (Elementary).
9 (RLIN) 7182
942 ## - ADDED ENTRY ELEMENTS (KOHA)
Source of classification or shelving scheme Library of Congress Classification
Koha item type Books
Holdings
Withdrawn status Lost status Source of classification or shelving scheme Damaged status Home library Current library Shelving location Date acquired Total Checkouts Full call number Barcode Date last seen Copy number Price effective from Koha item type
    Library of Congress Classification   Luxembourg Library Luxembourg Library Filipiniana Section 06/29/2013   LB 1580 .V718 1992 12776 08/13/2014 1 10/03/2013 Books

Catching on writing 5 /

APA

Villanueva M. L. S., . (1992). Catching on writing 5. San Mateo, Rizal: Vicente Publishing House.

Chicago

Villanueva Ma Loreto Suba, . 1992. Catching on writing 5. San Mateo, Rizal: Vicente Publishing House.

Harvard

Villanueva M. L. S., . (1992). Catching on writing 5. San Mateo, Rizal: Vicente Publishing House.

MLA

Villanueva Ma Loreto Suba, . Catching on writing 5. San Mateo, Rizal: Vicente Publishing House. 1992.

  • Place hold
  • Print
  • Cite
  • Add to your cart (remove)
  • Save record
    BIBTEX Dublin Core MARCXML MARC (non-Unicode/MARC-8) MARC (Unicode/UTF-8) MARC (Unicode/UTF-8, Standard) MODS (XML) RIS
  • More searches
    Search for this title in:
    Other Libraries (WorldCat) Other Databases (Google Scholar) Online Stores (Bookfinder.com) Open Library (openlibrary.org)

Exporting to Dublin Core...

SOUTHVILLE LIBRARY

Southville International School and Colleges Library

1281 Tropical Ave. Cor. Luxembourg St., BF Homes International, Las Pinas City

Tel. No. 8256374 / 252358 Loc. 117/146

Powered by Koha